Grannie jus' come! / (Record no. 105004)
[ view plain ]
| 000 -LEADER | |
|---|---|
| fixed length control field | 00372nam a2200145 a 4500 |
| 005 - DATE AND TIME OF LATEST TRANSACTION | |
| control field | 20140412111334.0 |
| 008 - FIXED-LENGTH DATA ELEMENTS--GENERAL INFORMATION | |
| fixed length control field | 041026s19uu xx 00 eng d |
| 050 ## - LIBRARY OF CONGRESS CALL NUMBER | |
| Classification number | ER |
| Item number | Gr75 1997 |
| 100 ## - MAIN ENTRY--PERSONAL NAME | |
| Personal name | Sisnett, Ana |
| 245 ## - TITLE STATEMENT | |
| Title | Grannie jus' come! / |
| Statement of responsibility, etc | Ana Sisnett. |
| 260 ## - PUBLICATION, DISTRIBUTION, ETC. (IMPRINT) | |
| Name of publisher, distributor, etc | Children's book. |
| 300 ## - PHYSICAL DESCRIPTION | |
| Extent | 1 v. (unp.) ; ill. |
| 650 ## - SUBJECT ADDED ENTRY--TOPICAL TERM | |
| Topical term or geographic name as entry element | Children stories |
| Withdrawn status | Lost status | Damaged status | Use restrictions | Home library | Current library | Shelving location | Date acquired | Source of acquisition | Total Checkouts | Full call number | Barcode | Date last seen | Price effective from | Koha item type |
|---|---|---|---|---|---|---|---|---|---|---|---|---|---|---|
| Elizalde Library | Elizalde Library | Easy Reading Section | 10/26/2004 | ER Gr75 1997 | E9265 | 04/12/2014 | 04/12/2014 | Books |